00372pab a2200121 454500008004000000100002200040245012000062260000900182300001600191362000800207650001700215773001800232180718b2003 xxu||||| |||| 00| 0 eng d aAtkinson, Rowland aDomestication by Cappuccino or a revenge on urban space? Control and empowerment in the management of public spaces c2003 ap.1829-843. aAug aUrban spaces aUrban Studies